000 01937nam0a2200385 4500
001 RU\NLR\BIBL_A\022754806
005 20260517044107.0
010 _a978-5-9704-9807-1
_93000
021 _aRU
_bКН-П-26-004076
_9КН-П-26-0381
035 _a(NLR Aleph) 022754806
090 _a13706929
_c13706929
100 _a20260316d2026 k y0rusy50 ca
101 0 _arus
102 _aRU
105 _aa j 001yy
181 0 _ai
_baxxe
182 0 _an
200 1 _aЭндометриоз
_f[Дубровина Светлана Олеговна – доктор медицинских наук, профессор, Александрина А. Д. – врач – акушер-гинеколог, Артымук Н. В. – доктор медицинских наук, профессор и др.]
_gпод редакцией С. О. Дубровиной
203 _aТекст
_bвизуальный
_cнепосредственный
205 _a2-е изд., перераб. и доп.
210 _aМосква
_cГЭОТАР-Медиа
_d2026 (печ. 2025)
215 _a465, [1] с.
_cил., цв. ил.
_d25
300 _aАвт. указаны на 7-й с.
301 _aDOI: 10.33029/9704-9807-1-END-2026-1-472
320 _aБиблиогр. в конце гл.
320 _aПредм. указ.: с. 463–466
606 1 _aЭндометриоз женских половых органов
_91388748
_3RU\NLR\AUTH\66270233
686 1 _aР569.71Эндометриоз
701 1 _aДубровина
_bС. О.
_cд-р мед. наук
_gСветлана Олеговна
_9242972
_3RU\NLR\AUTH\770243028
701 1 _aАлександрина
_bА. Д.
_gАнна Дмитриевна
701 1 _7ca
_8rus
_aАртымук
_bН. В.
_gНаталья Владимировна
_9262019
_3RU\NLR\AUTH\770262075
942 _cBOOK
980 _aNB